Select the coin with the most silver content - Statistics

General Stats
  • This quiz has been taken 4 times
  • The average score is 8 of 12
Answer Stats
Question Answer % Correct
Which of these coins has the most silver content? France 5 francs 1960
100%
Which of these coins has the most silver content? Germany 5 reichsmark 1939
100%
Which of these coins has the most silver content? UK 6 pence 1914
100%
Which of these coins has the most silver content? USA $1 1987 (constitution bicentennial)
100%
Which of these coins has the most silver content? Soviet Union 50 kopeks 1925
67%
Which of these coins has the most silver content? UK 1 crown 1899
67%
Which of these coins has the most silver content? USA $1 1935
67%
Which of these coins has the most silver content? USA quarter dollar 1888
67%
Which of these coins has the most silver content? Mexico 5 centavos 1904
33%
Which of these coins has the most silver content? Mexico 8 reales 1835
33%
Which of these coins has the most silver content? Poland 10 zlotych 1932
33%
Which of these coins has the most silver content? UK 3 pence 1858
33%
No matching quizzes found
Score Distribution
Percent of People with Each Score
Percentile by Number Answered
Your Score History
You have not taken this quiz